| 000 | 00383nam a2200121Ia 4500 | ||
|---|---|---|---|
| 008 | 220620s9999||||xx |||||||||||||| ||und|| | ||
| 100 | _aFarzana Khan Perveen | ||
| 245 | 0 | _aLepidoptera | |
| 546 | _aEnglish[eng] | ||
| 650 | _aLife Sciences||Animal Biology||Lepidopterology||Agricultural and Biological Sciences | ||
| 856 | _uhttps://www.intechopen.com/books/lepidoptera | ||
| 942 | _cEB | ||
| 999 |
_c30351 _d30351 |
||